Obálka Náhled e-knihy:
PDF Epub
Pro půjčování e-knih musíte být přihlášeni.
Jak si půjčit online?

Protektorát. Kniha II, Pád do chaosu /

Druhý díl space opery plné vesmírných bitev, galaktické politiky a nevyzpytatelné umělé inteligence.

Uloženo v:
Série:Protektorát, část 2
Hlavní autor: O'Keefe, Megan E., 1985- (Autor)
Další autoři: Drobek, Aleš, 1977- (Autor)
Médium: E-kniha
Jazyk:Czech
Vydáno: Brno : Host, 2023
Vydání:První vydání
Témata:
Příbuzné jednotky:Z cyklu:: Protektorát
Tagy:
Žádné tagy
LEADER 02677nam a2200457 i 4500
001 312151
003 CZ PrSKC
005 20260601215717.0
007 ta
008 231031s2023 xr g 000 f cze
015 |a cnb003563998 
020 |a 9788027517671  |q (brožováno) 
035 |a (OCoLC)1425861404 
040 |a ABG001  |b cze  |e rda 
041 1 |a cze  |h eng 
072 7 |a 821.111(73)-3  |x Americká próza  |2 Konspekt 
080 |a 821.111(73)-31  |2 MRF 
080 |a (0:82-311.9)  |2 MRF 
100 1 |a O'Keefe, Megan E.,  |d 1985-  |7 xx0283849  |4 aut 
240 1 0 |a Chaos vector.  |l Česky 
245 1 0 |a Protektorát.  |n Kniha II,  |p Pád do chaosu /  |c Megan E. O'Keefeová ; přeložil Aleš Drobek 
246 3 0 |a Pád do chaosu 
250 |a První vydání 
264 1 |a Brno :  |b Host,  |c 2023 
300 |a 599 stran ;  |c 21 cm 
336 |a text  |b txt  |2 rdacontent 
337 |a bez média  |b n  |2 rdamedia 
338 |a svazek  |b nc  |2 rdacarrier 
500 |a Přeloženo z angličtiny 
520 2 |a Druhý díl space opery plné vesmírných bitev, galaktické politiky a nevyzpytatelné umělé inteligence.  |b Sanda s Tomasem pustili na svobodu nejnebezpečnější inteligentní loď ve vesmíru a teď jim jde o život. Sanda netuší, komu může věřit, ale jedno ví jistě -- pokud se nechce stát loutkou mocných, musí přijít na kloub tajemství souřadnic ukrytých ve své lebce. Cesta k nim je však oříšek, který ona sama nerozlouskne. Záhadné místo se nachází za takzvanou mrtvou bránou -- Casimirovou bránou vedoucí do bezvýznamné soustavy, kterou Prima zase uzavřela, protože ji neuznala hodnou kolonizace. Sanda potřebuje loď, posádku, informace a hlavně přátele. S těmi se pouští do dobrodružství plného lásky a nenávisti, života a smrti, kamarádství a zrady, prastarých tajemství a vysokooktanové akce. Nakladatelská anotace. 
655 7 |a americké romány  |7 fd131796  |2 czenas 
655 7 |a vědecko-fantastické romány  |7 fd133847  |2 czenas 
655 9 |a American fiction  |2 eczenas 
655 9 |a science fiction novels  |2 eczenas 
700 1 |a Drobek, Aleš,  |d 1977-  |7 xx0031474  |4 trl 
787 0 8 |i Z cyklu:  |t Protektorát  |g 2 
900 |a ABA001  |b 21 
044 |a xr 
910 |a RBIT002 
998 |d 389755  |a https://core.palmknihy.cz/api/books/389755/cover?s2s2dx  |b https://core.palmknihy.cz/api/books/389755/cover/400?s2s2dx  |c https://core.palmknihy.cz/api/books/389755/cover/50?s2s2dx  |e 2027-07-21  |g 600  |i 9788027517671  |j https://core.palmknihy.cz/api/books/389755/preview.epub  |k https://core.palmknihy.cz/api/books/389755/preview.pdf  |l   |q 49  |r 1  |s https://www.palmknihy.cz/kniha/389755  |t ebook  |y 2023  |z 0  |v Protektorát  |w 2 
999 |d 312149